| 000 | 00623nam a22002177a 4500 | ||
|---|---|---|---|
| 005 | 20170124105931.0 | ||
| 010 | _aA-835096 | ||
| 020 | _c00.00 | ||
| 037 | _bCen Lib/Ret | ||
| 040 |
_aDPL _bEN |
||
| 082 |
_a307.762 _bHAP |
||
| 100 |
_aHalpern, Joel M _98329 |
||
| 245 |
_aThe changing village community / _cby Joel M. Halpern |
||
| 260 |
_aNew Delhi _bPrentice-Hall of India _c1967 |
||
| 270 |
_aIndia Offset Press _bNew Delhi |
||
| 300 |
_avi,136p. _c23cm(Hb) |
||
| 500 | _aIncludes index | ||
| 650 |
_aRural conditions _96819 |
||
| 650 |
_aUrbanization _98330 |
||
| 942 |
_2ddc _cEN _h307.762 _mHAY |
||
| 999 |
_c123871 _d123871 |
||